00414 a2200121 4500001001000000005001700010008004100027245010600068100002600174700001900200773005600219999001700275ART_4234620260410161827.0260409a 10aEquivalencias entre gastos de susbsistencia para hogares tipo de la Ciudad Autónoma de Buenos Aires1 aEcheverría, Lucía1 aBerges, Miriam0 tFACESg- Año 21, Nº 44 (ene./jun. 2015)wREV5046 c22869d22869